000 01149cam a2200301 i 4500
001 17472764
003 OSt
005 20180117085941.0
008 120924s2012 maua b 001 0 eng
010 _a 2012038793
020 _a9788132109655 (hardback : alk. paper)
040 _aDLC
_beng
_cDLC
_erda
_dDLC
042 _apcc
050 0 0 _aRJ499.3
_b.C463 2012
082 0 0 _a618.9289
_223
245 0 0 _aChild and adolescent mental health /
_cedited by Usha S. Nayar.
300 _axxiv, 363 pages :
_billustrations ;
_c25 cm
504 _aIncludes bibliographical references and index.
650 0 _aChild mental health.
650 0 _aTeenagers
_xMental health.
650 0 _aDevelopmental psychology.
650 0 _aEvidence-based psychotherapy.
700 1 _aNayar, Usha S.,
_eeditor of compilation.
906 _a7
_bcbc
_corignew
_d1
_eecip
_f20
_gy-gencatlg
942 _2ddc
_cBK
999 _c2438
_d2438